| 000 | 00505nam a22001937a 4500 | ||
|---|---|---|---|
| 003 | MPLRDC | ||
| 005 | 20220104124352.0 | ||
| 008 | 210129b ||||| |||| 00| 0 eng d | ||
| 020 | _a957-13-4253-X | ||
| 082 | _a947.411 ZDY-9 | ||
| 100 | _a朱德庸 | ||
| 245 |
_a关于上班这件事 _c |
||
| 250 | _a初版 | ||
| 260 |
_a台湾 _b时报文化出版企业股份有限松司 _c2005 |
||
| 300 | _b191 | ||
| 490 | _a朱德庸作品集. 25 | ||
| 650 | _a朱德庸漫画 | ||
| 942 |
_cBK _o947.411 ZDY-9 |
||
| 999 |
_c18787 _d18777 |
||